000 01023cam a22003017a 4500
003 CHAP
005 20220329133340.0
008 971013s1990 r 00010 d
010 _a5267
011 _a6239
035 _a5459
040 _cCHAP
082 _a338.972 I58 N
_bL.
110 _aInstituto Nacional de Estadística, Geografía e Informática. México
_959304
245 0 _aCuaderno de información para la planeación
_b: Nuevo León
260 _aMéxico, D.F. :
_bEl Instituto,
_c1990
300 _a292 p.
590 _aBATCH-UPD
_b10
_c20130110
_lUCH01
_h1931
590 _aBATCH-UPD
_b10
_c20130410
_lUCH01
_h1255
590 _aBATCH-UPD
_b10
_c20130914
_lUCH01
_h1842
590 _aCONVERSION
_b10
_c20130109
_lUCH01
_h1304
650 1 4 _aNuevo León
_xCondiciones económicas.
_982155
650 1 4 _aNuevo León
_xCondiciones sociales.
_982157
650 1 4 _aNuevo León
_xEstadísticas.
_982159
901 _aBK
942 _cLIBRO
949 _a338.972 I58 N.L.
_bBC
_cINEGI
_d33724000122594
_eINEGI
_h76947
_i5459
_si
999 _c5267
_d5267